| 000 | 00428nam a22001697a 4500 | ||
|---|---|---|---|
| 003 | NUST - PNEC | ||
| 005 | 20170116180923.0 | ||
| 008 | 150905b xxu||||| |||| 00| 0 eng d | ||
| 020 | _a0074637487 | ||
| 040 | _cLIBRARY | ||
| 082 | _a621.20424 MAJ | ||
| 100 |
_97863 _aMajumdar, S. R. |
||
| 245 |
_aOil hydraulic systems _cS. R. Majumdar |
||
| 260 | _cc.2001 | ||
| 650 |
_97865 _bMechanical Engineering _xME |
||
| 942 |
_2ddc _cBK |
||
| 999 |
_c65668 _d65668 |
||